Normal view
MARC view
Entry Personal Name
001 - CONTROL NUMBER
- control field: 38532
003 - CONTROL NUMBER IDENTIFIER
- control field: ARRUPE
005 - DATE AND TIME OF LATEST TRANSACTION
- control field: 20180117094757.0
008 - FIXED-LENGTH DATA ELEMENTS
- fixed length control field: 180117|| aca||aabn | a|a d
040 ## - CATALOGING SOURCE
- Original cataloging agency: ARRUPE
- Transcribing agency: ARRUPE
100 ## - HEADING--PERSONAL NAME
- Personal name: Andrade, António Alberto Banha de.
670 ## - SOURCE DATA FOUND
- Source citation: Work cat.: (ARRUPE)0: Andrade, António Alberto Banha de., Mundos novos do mundo :, 1972.